000 00665nam a2200265Ia 4500
003 OSt
005 20220918174708.0
006 a|||||r|||| 00| 0
007 ta
008 220917b |||||||| |||| 00| 0 eng d
024 _a13,716
037 _cTextual
040 _aARTS
_cARTS
_beng
041 _2eng
_aeng
082 _aNR44, M0
100 _aChaitanya Deva B
_951424
245 0 _aIndian music
250 _a2nd
260 _aNew Delhi
_bICCR
_c1980
300 _aix,174p.
_ccm.
500 _aBibliography 168-72p; Glossary 156-67p
650 _aARTS
942 _hNR44, M0
_cTEXL
_2CC
999 _c154322
_d154322